000 00490nam a2200169Ia 4500
008 140925s9999 xx 000 0 und d
020 _a2322-3537
245 _aInternational journal of applied exercise physiology /
_h[electronic resource]
260 _bIJAEP,
_cc2013.
516 _aElectronic text
650 _aExercise.
650 _aJournal.
650 _aSports and Recreation.
830 _aIJAEP
856 _uhttp://www.ijaep.com/index.php/IJAE/issue/current
942 _cEJ
999 _c275861
_d275861